| 000 | 00521nam a2200205Ia 4500 | ||
|---|---|---|---|
| 003 | OSt | ||
| 005 | 20260219121044.0 | ||
| 008 | 210210b1950 xxu||||| |||| 00| 0 eng d | ||
| 040 | _cAL | ||
| 041 | _aHindi | ||
| 082 | _a465/5 | ||
| 100 |
_aAVADHANANDAN _dअवधानंदन _9255898 |
||
| 245 |
_aShikshan kala _bशिक्षण कला |
||
| 260 |
_aMadras _b- _c1950 |
||
| 650 |
_aShikshan _9255899 |
||
| 650 |
_akala _9255900 |
||
| 690 |
_aHindi Grammar _9255901 |
||
| 906 | _a006839 | ||
| 942 |
_2ddc _cBK |
||
| 999 |
_c140918 _d140918 |
||